00402pab a2200145 454500008004000000100002200040245004900062260000900111300001500120362001100135650002800146650002800174650002000202773003400222180718b1998 xxu||||| |||| 00| 0 eng d aNayar, Baldev Raj aBusiness and India's economic policy reforms c1998 ap.2453-468 a19 Sep aEconomic reform - India aIndia - Economic policy aEconomic reform aEconomic and Political Weekly